000
00342 a2200157 4500
001
177832
020
_a
040
_c
Magnum
100
_a
Nicola, José de
240
1
0
_a
Praticas de linguagem/v.4
_l
por
245
1
0
_a
Praticas de linguagem/v.4
362
0
_a
1899
440
1
_a
Scipione
697
_a
MAGNITO: PARADIDATICO
942
_c
BK
999
_c
177832
_d
177832